000 00854nam a2200253Ia 4500
003 OSt
005 20221005103349.0
006 a|||||r|||| 00| 0
007 ta
008 221004b |||||||| |||| 00| 0 doi d
024 _a4920
037 _bGift, 29/06/2013,
_cTextual
040 _aCRL
_cCRL
_bdoi
041 _2doi
_adoi
082 _aO1541,6N44x, P9
100 _aमगोत्रा, ललित
245 0 _aचेतें दियां ग’लियां
246 _aChetean diyāan ga’liyāan
260 _aजम्मू
_bदिव्या प्रकाशन भारत
_c2009
300 _a135पृ0
_ccm.
650 _aडोगरी साहित्य
942 _hO1541,6N44x, P9
_cTEXL
_2cc
999 _c1009947
_d1009947